[Event "Budapest-chT1 Lilienthal 1314"]
[Site "Budapest"]
[Date "2013.09.29"]
[Round "1"]
[White "Balazs Piri, Robert"]
[Black "Makai, Matyas"]
[Result "0-1"]
[WhiteElo "1883"]
[BlackElo "2066"]
[PlyCount "134"]
[EventDate "2013.09.29"]
[EventType "team-tourn"]
[EventRounds "11"]
[EventCountry "HUN"]
[SourceTitle "EXT 2021"]
[Source "ChessBase"]
[SourceDate "2020.10.23"]
[SourceVersion "1"]
[SourceVersionDate "2020.10.23"]
[SourceQuality "1"]
[WhiteTeam "Taban Spartacus II"]
[BlackTeam "Rakosliget"]
[WhiteTeamCountry "HUN"]
[BlackTeamCountry "HUN"]

1. e4 c5 2. Nf3 d6 3. d4 cxd4 4. Nxd4 Nf6 5. Nc3 g6 6. Be3 Bg7 7. f3 Nc6 8. Qd2 0-0 9. Bc4 Nd7 10. 0-0-0 Nb6 11. Bb3 Na5 12. Qd3 Bd7 13. h4 Rc8 14. h5 Nbc4 15. hxg6 fxg6 16. Bh6 Bxh6+ 17. Rxh6 e5 18. Rdh1 Qg5+ 19. Kb1 exd4 20. Rxh7 dxc3 21. Qxd6 Bh3 22. R1xh3 Qc1+ 23. Kxc1 Nxb3+ 24. axb3 Nxd6 25. e5 Nf7 26. f4 Nxe5 27. Rh8+ Kf7 28. Rxf8+ Rxf8 29. fxe5 cxb2+ 30. Kxb2 Ke6 31. Rg3 Rg8 32. Rg5 Kf7 33. Kc3 Rd8 34. b4 a6 35. Kb3 b5 36. c3 Rd2 37. Ka3 Kg7 38. Kb3 Re2 39. Rg4 Rxe5 40. Kc2 Kf6 41. Kd3 Kf5 42. Rd4 Re1 43. Kd2 Rg1 44. Ke2 Rxg2+ 45. Kf3 Rh2 46. Rd5+ Ke6 47. Rc5 Rd2 48. Ke4 Rd6 49. Kf4 Kd7 50. Kg5 Rc6 51. Rd5+ Kc7 52. Rd3 Kb6 53. Kf4 Re6 54. Rd8 Rc6 55. Rd3 Re6 56. Rd4 a5 57. bxa5+ Kxa5 58. Rb4 Rc6 59. Rb3 Rc4+ 60. Kg5 Ka4 61. Rb1 Rxc3 62. Kxg6 b4 63. Ra1+ Kb3 64. Kf5 Kc2 65. Ke4 Rc4+ 66. Ke3 b3 67. Rf1 b2 0-1